<?xml version="1.0" encoding="UTF-8"?>
<collection xmlns="http://www.loc.gov/MARC21/slim">
 <record>
  <leader>01337pam a22003138a 4500</leader>
  <controlfield tag="001">00023436</controlfield>
  <controlfield tag="008">110623s2009                  ||||||viesd</controlfield>
  <controlfield tag="005">20171026081022.0</controlfield>
  <datafield tag="020" ind1=" " ind2=" ">
   <subfield code="c">54000</subfield>
  </datafield>
  <datafield tag="041" ind1="0" ind2="#">
   <subfield code="a">vie</subfield>
  </datafield>
  <datafield tag="082" ind1="1" ind2="4">
   <subfield code="a">516.24</subfield>
   <subfield code="b">CH527Đ</subfield>
  </datafield>
  <datafield tag="100" ind1="0" ind2="#">
   <subfield code="a">Nguyễn Văn Lộc</subfield>
   <subfield code="e">chủ biên</subfield>
  </datafield>
  <datafield tag="245" ind1="0" ind2="0">
   <subfield code="a">Chuyên đề toán lượng giác</subfield>
   <subfield code="b">Bồi dưỡng học sinh giỏi, luyện thi đại học...</subfield>
   <subfield code="c">Nguyễn Văn Lộc (ch.b.), Nguyễn Viết Đông, Hoàng Ngọc Cảnh...</subfield>
  </datafield>
  <datafield tag="260" ind1="#" ind2="#">
   <subfield code="a">HCM</subfield>
   <subfield code="b">ĐHSP TPHCM</subfield>
   <subfield code="c">2009</subfield>
  </datafield>
  <datafield tag="300" ind1="#" ind2="#">
   <subfield code="a">304tr.</subfield>
   <subfield code="c">24cm.</subfield>
  </datafield>
  <datafield tag="653" ind1="#" ind2="#">
   <subfield code="a">Sách luyện thi</subfield>
  </datafield>
  <datafield tag="653" ind1="#" ind2="#">
   <subfield code="a">Phổ thông trung học</subfield>
  </datafield>
  <datafield tag="653" ind1="#" ind2="#">
   <subfield code="a">Toán</subfield>
  </datafield>
  <datafield tag="653" ind1="#" ind2="#">
   <subfield code="a">lượng giác</subfield>
  </datafield>
  <datafield tag="700" ind1="0" ind2="#">
   <subfield code="a">Hoàng Ngọc Cảnh</subfield>
  </datafield>
  <datafield tag="700" ind1="0" ind2="#">
   <subfield code="a">Hàn Minh Toàn</subfield>
  </datafield>
  <datafield tag="700" ind1="0" ind2="#">
   <subfield code="a">Nguyễn Viết Đông</subfield>
  </datafield>
  <datafield tag="700" ind1="0" ind2="#">
   <subfield code="a">Trần Quang Tài</subfield>
  </datafield>
  <datafield tag="852" ind1="#" ind2="#">
   <subfield code="b">Kho giáo trình</subfield>
   <subfield code="j">KGT.0003401, KGT.0003402, KGT.0003403, KGT.0003404, KGT.0003405, KGT.0003406, KGT.0003407, KGT.0003408, KGT.0003409, KGT.0003410</subfield>
  </datafield>
  <datafield tag="852" ind1="#" ind2="#">
   <subfield code="b">Kho mượn</subfield>
   <subfield code="j">KGT.0003401</subfield>
  </datafield>
  <datafield tag="852" ind1="#" ind2="#">
   <subfield code="j">KGT.0003402</subfield>
   <subfield code="j">KGT.0003403</subfield>
   <subfield code="j">KGT.0003407</subfield>
   <subfield code="j">KGT.0003408</subfield>
   <subfield code="j">KGT.0003410</subfield>
   <subfield code="j">KGT.0003405</subfield>
   <subfield code="j">KGT.0003406</subfield>
   <subfield code="j">KGT.0003401</subfield>
   <subfield code="j">KGT.0003404</subfield>
   <subfield code="j">KGT.0003409</subfield>
  </datafield>
  <datafield tag="910" ind1=" " ind2=" ">
   <subfield code="d">23/06/2011</subfield>
  </datafield>
  <datafield tag="980" ind1="#" ind2="#">
   <subfield code="a">Trung tâm Học liệu Lê Vũ Hùng, Trường Đại học Đồng Tháp</subfield>
  </datafield>
 </record>
</collection>
